1010 1278 1669 1822 1460 1021 1904 1683 1623 1051 1490 1724 1457 1695 1994 1495 1727 1250 1844 1595 1419 1964 1566 1528 1627 1901 1924 1726 1343 1355 1304 1340 1624 1426 1662 1771 1637 1405 1381 1391 1513 1124 1917 1818 1270 1596 1024 1605 1526 1115 1051 1270 1622 1891 1608 1011 1574 1558 1986 1749 1549 1830 1280 1221 1465 1995 1223 1204 1940 1849 1377 1669 1996 1441 1602 1236 1535 1724 1501 1622 1281 1483 1881 1350 1783 1368 1058 1110 1264 1035 1742 1016 1338 1091 1685 1805 1329 1470 1975 BCNSPRNW ULIB Ver.6.0+V

เปลี่ยนเป็นภาษาไทย

Change to English
 แสดงรายละเอียดบรรณานุกรม
  กลับหน้าหลัก

Brief Record : Get Marc (ISO 2709) : E-mail record : QR code < ปิดหน้าต่าง
LEADER : 00000nam 2200000uu 4500
001    13399112323
003     ULIB
008    110627s2554||||th 000 0 tha d
020    9789747040104
090    นว.^bณ429ส 2554
100 0  ณารา
245 00 ส้มหวานน้ำตาลเปรี้ยว/^cณารา
250    พิมพ์ครั้งที่ 3
260    กรุงเทพฯ :^bพิมพ์คำ,^c2554
300    264 หน้า
710 1  พิมพ์คำ
945    ^p170^l0^i030392
995    ทศพร
999 ^a ใช้งานได้ทุกระบบ
รายการนี้ยังไม่มีแท็ก
คุณยังไม่ได้ล็อกอิน คุณสามารถมีกิจกรรมร่วมกับเว็บไซต์ได้ แต่ต้องล็อกอินก่อน ::
  ล็อกอิน

รายการสื่อสารสนเทศ

ลำดับที่ ประเภท เลขเรียก/บาร์โค้ด สถานที่ สถานะ
- ไม่พบข้อมูล -

รายการใกล้เคียง
    ผู้แต่ง [ณารา]

BibComment


ยังไม่เคยถูกคอมเมนท์

คอมเมนท์ทรัพยากรรายการนี้
  คอมเมนท์: ส้มหวานน้ำตาลเปรี..


 Copyright 2026. Bcnsprnw @Library